Yleistieto #28 - Statistics

Yleistilastot
  • Tätä visaa on pelattu 709 kertaa
  • Keskiarvotulos 7 / 15
Vastaustilastot
Vinkki Vastaus % Oikein
Mikä eläin on latinaksi rattus rattus? Rotta
86%
Mikä on islamin pyhin kaupunki? Mekka
82%
Minkä hedelmän lajike on Granny Smith? Omenan
81%
Minkä yhtyeen laulaja oli Kurt Cobain? Nirvanan
71%
Missä maassa on Odessa? Ukrainassa
59%
Mikä on Kyproksen pääkaupunki? Nikosia
49%
Mille maalle kuuluu Pääsiäissaari? Chilelle
45%
Kuka oli USA:n presidentti toisen maailmansodan alkaessa? Franklin D. Roosevelt
44%
Kuka kirjailija loi 'Komisaario Palmu'-hahmon? Mika Waltari
42%
Kuka poptaiteilija on kuuluisa Marilyn Monroe-silkkipainokuvistaan? Andy Warhol
35%
Kuka oli Egyptin viimeinen faarao? Kleopatra
33%
Minkä yhtyeen levy on "...And Justice For All"? Metallican
33%
Kula esitti naispääosan elokuvassa "Aamiainen Tiffanylla"? Audrey Hepburn
31%
Kuka ohjasi elokuvat "Köysi" ja "Vertigo"? Alfred Hitchcock
28%
Mikä on pieni lasinpuhaltajien saari Venetsian ulkopuolella? Murano
14%
Ehtoja vastaavia visoja ei löytynyt
Tulosjakauma
Jokaisen tuloksen saaneiden osuus
Persentiili vastausten määrän mukaan
Tuloshistoriasi
Et ole pelannut tätä visaa